[Event "Timisoara Foisor Memorial Rapid"]
[Site "Timisoara"]
[Date "2023.08.05"]
[Round "1"]
[White "Brunello, Sabino"]
[Black "Pragai, Rares Alexandru"]
[Result "1-0"]
[WhiteElo "2496"]
[BlackElo "1818"]
[PlyCount "53"]
[EventDate "2023.08.05"]
[EventType "swiss (rapid)"]
[EventRounds "10"]
[EventCountry "ROU"]
[SourceTitle "CBM 215 Extra"]
[Source "ChessBase"]
[SourceDate "2023.09.30"]
[SourceVersion "1"]
[SourceVersionDate "2023.09.30"]
[SourceQuality "1"]

1. d4 Nf6 2. c4 e6 3. Nf3 b6 4. g3 Bb7 5. Bg2 Be7 6. 0-0 0-0 7. Nc3 d6 8. Qc2 Nbd7 9. Re1 a6 10. e4 c5 11. d5 exd5 12. exd5 Re8 13. Bf4 Nf8 14. Bd2 Qd7 15. a4 Ng6 16. Ng5 h6 17. Bh3 Qc7 18. Nxf7 Nf8 19. Nxh6+ gxh6 20. Bxh6 N6h7 21. Be6+ Nxe6 22. Rxe6 Nf8 23. Bxf8 Bxf8 24. Rxe8 Rxe8 25. Qg6+ Bg7 26. Qxe8+ Kh7 27. Re1 1-0

[Event "EU Union-ch U14"]
[Site "Kouty nad Desnou"]
[Date "2019.08.23"]
[Round "8"]
[White "Pragai, Rares Alexandru"]
[Black "Rackauskas, Karolis"]
[Result "0-1"]
[WhiteElo "1704"]
[BlackElo "1615"]
[PlyCount "60"]
[EventDate "2019.08.16"]
[EventType "swiss"]
[EventRounds "9"]
[EventCountry "CZE"]
[SourceTitle "EXT 2020"]
[Source "ChessBase"]
[SourceDate "2019.10.17"]
[SourceVersion "1"]
[SourceVersionDate "2019.10.17"]
[SourceQuality "1"]

1. d4 d5 2. c4 dxc4 3. Nf3 Nf6 4. e3 Bg4 5. Bxc4 e6 6. Qb3 Bxf3 7. gxf3 Nbd7 8. Qxb7 c5 9. Nc3 Rb8 10. Qxa7 Ra8 11. Qb7 Rb8 12. Qa6 Rb6 13. Qa5 cxd4 14. exd4 Bb4 15. Qa4 Qc7 16. a3 Qxc4 17. axb4 Rxb4 18. Qd1 0-0 19. Ra4 Nd5 20. Nxd5 exd5 21. Rxb4 Qxb4+ 22. Kf1 Re8 23. Rg1 Re6 24. Kg2 Nf8 25. Kh1 Ng6 26. Qd2 Qxd2 27. Bxd2 Re2 28. Bc3 Rxf2 29. Rg5 Nf4 30. Kg1 Nh3+ 0-1

[Event "EU Union-ch U14"]
[Site "Kouty nad Desnou"]
[Date "2019.08.22"]
[Round "7"]
[White "Gnojek, Petr"]
[Black "Pragai, Rares Alexandru"]
[Result "1-0"]
[WhiteElo "2188"]
[BlackElo "1704"]
[PlyCount "107"]
[EventDate "2019.08.16"]
[EventType "swiss"]
[EventRounds "9"]
[EventCountry "CZE"]
[SourceTitle "EXT 2020"]
[Source "ChessBase"]
[SourceDate "2019.10.17"]
[SourceVersion "1"]
[SourceVersionDate "2019.10.17"]
[SourceQuality "1"]

1. d4 Nf6 2. c4 e6 3. Nf3 b6 4. e3 Bb7 5. Bd3 d6 6. Nc3 Nbd7 7. Rb1 c5 8. 0-0 Be7 9. a3 0-0 10. b4 Rc8 11. Bb2 h6 12. Qe2 Re8 13. Rfd1 Qc7 14. bxc5 dxc5 15. Ne5 Nxe5 16. dxe5 Qxe5 17. Ne4 Qc7 18. Nxf6+ Bxf6 19. Bxf6 gxf6 20. Qh5 Kg7 21. f4 f5 22. Kf2 Rcd8 23. g4 Qc6 24. Qh3 Rg8 25. gxf5 Kf8 26. Be4 Qxe4 27. Rxd8+ Ke7 28. Rxg8 Qc2+ 29. Kg3 Qxb1 30. Qh4+ f6 31. Rg7+ Kd6 32. Qxf6 Qg1+ 33. Kh3 Qxe3+ 34. Rg3 Qe2 35. Qxe6+ Qxe6 36. fxe6 Kxe6 37. Rg7 Ba6 38. Kg4 Bxc4 39. f5+ Ke5 40. Re7+ Kf6 41. Rxa7 Bd3 42. Rb7 Bxf5+ 43. Kf4 Bd3 44. Rxb6+ Kg7 45. a4 c4 46. Ke3 Bf1 47. Kd4 h5 48. a5 Kf7 49. a6 Bg2 50. a7 h4 51. Rb8 Kf6 52. a8Q Bxa8 53. Rxa8 Kf5 54. Rg8 1-0

[Event "EU Union-ch U14"]
[Site "Kouty nad Desnou"]
[Date "2019.08.21"]
[Round "6"]
[White "Pragai, Rares Alexandru"]
[Black "Sosovickova, Jana"]
[Result "1/2-1/2"]
[WhiteElo "1704"]
[BlackElo "1801"]
[PlyCount "155"]
[EventDate "2019.08.16"]
[EventType "swiss"]
[EventRounds "9"]
[EventCountry "CZE"]
[SourceTitle "EXT 2020"]
[Source "ChessBase"]
[SourceDate "2019.10.17"]
[SourceVersion "1"]
[SourceVersionDate "2019.10.17"]
[SourceQuality "1"]

1. d4 Nf6 2. c4 c5 3. d5 e6 4. Nc3 exd5 5. cxd5 d6 6. e4 g6 7. Bd3 Bg7 8. Nge2 a6 9. a4 b6 10. 0-0 0-0 11. f3 Nbd7 12. Bf4 Qe7 13. h3 Ne5 14. Nc1 Nxd3 15. Qxd3 Nd7 16. Nb3 Ne5 17. Qc2 f5 18. Kh1 fxe4 19. fxe4 Bd7 20. Qe2 Qh4 21. Bh2 Bc8 22. Rxf8+ Kxf8 23. Rf1+ Kg8 24. Nd2 Qe7 25. Nf3 Bb7 26. Nxe5 Bxe5 27. Bxe5 Qxe5 28. Qf3 Qe7 29. Ne2 Re8 30. Nc3 Kg7 31. Kg1 Bc8 32. b3 Bd7 33. Qe2 Ra8 34. Kh1 b5 35. axb5 axb5 36. Nxb5 Rb8 37. Qb2+ Kg8 38. Nc3 Qe5 39. Qc2 Bb5 40. Nxb5 Rxb5 41. Qf2 Qe7 42. e5 dxe5 43. d6 Qg7 44. d7 Rb8 45. Rd1 Rd8 46. Qxc5 Qf7 47. b4 e4 48. Qd5 e3 49. Qxf7+ Kxf7 50. Kg1 e2 51. Re1 Rxd7 52. Rxe2 Rd1+ 53. Kf2 Rb1 54. Re4 Rb3 55. h4 h5 56. Ke2 Kf6 57. Kd2 Rb2+ 58. Kc3 Rxg2 59. b5 Rg1 60. b6 Rb1 61. Rb4 Rc1+ 62. Kd4 Rc8 63. b7 Rb8 64. Kc5 g5 65. Kc6 gxh4 66. Kc7 Rxb7+ 67. Kxb7 Kg5 68. Kc6 h3 69. Kd5 h2 70. Rb1 Kg4 71. Ke4 Kg3 72. Rb3+ Kg4 73. Rb1 h4 74. Rh1 Kg3 75. Ke3 Kg2 76. Ke2 h3 77. Ke1 Kxh1 78. Kf1 1/2-1/2

[Event "ROM-ch U14"]
[Site "Calimanesti Caciulata"]
[Date "2019.04.19"]
[Round "6"]
[White "Nedelcu, Alexandru Nicholas"]
[Black "Pragai, Rares Alexandru"]
[Result "0-1"]
[WhiteElo "1279"]
[BlackElo "1604"]
[PlyCount "64"]
[EventDate "2019.04.15"]
[EventType "swiss"]
[EventRounds "9"]
[EventCountry "ROU"]
[SourceTitle "CBM 190 Extra"]
[Source "ChessBase"]
[SourceDate "2019.07.15"]
[SourceVersion "1"]
[SourceVersionDate "2019.07.15"]
[SourceQuality "1"]

1. e4 c5 2. Nf3 e6 3. c4 Nc6 4. d4 cxd4 5. Nxd4 Nf6 6. Nc3 Bb4 7. Nxc6 bxc6 8. Bd3 d5 9. cxd5 cxd5 10. Qa4+ Bd7 11. Qxb4 Rb8 12. Qc5 Rc8 13. Qxa7 0-0 14. 0-0 Bc6 15. Bg5 h6 16. Bxf6 gxf6 17. exd5 exd5 18. Qe3 f5 19. Qxh6 Bd7 20. Nxd5 Rc6 21. Qe3 Re8 22. Qg3+ Rg6 23. Qf3 Bc6 24. Bc4 Re4 25. Qd3 Rxc4 26. Qxc4 Bxd5 27. Rfd1 Rxg2+ 28. Kf1 Bxc4+ 29. Kxg2 Qa8+ 30. f3 Be2 31. Rd2 Qxf3+ 32. Kg1 Qe3+ 0-1